[Event "WYCC 2018 G14"]
[Site "Halkidiki"]
[Date "2018.10.30"]
[Round "11"]
[White "Bardorz, Jana"]
[Black "Yedigaryan, Asya"]
[Result "0-1"]
[WhiteElo "1810"]
[BlackElo "1726"]
[Annotator "NA"]
[PlyCount "100"]
[EventDate "2018.10.20"]
[EventType "swiss"]
[EventCountry "GRE"]
[SourceTitle "playchess.com"]
[Source "ChessBase"]
[SourceQuality "1"]
[TimeControl "40/5400+30:1800+30"]

1. e4 {[%emt 0:00:00]} c5 {[%emt 0:00:00]} 2. Nf3 {[%emt 0:00:00]} Nc6 {[%emt 0:00:00]} 3. d4 {[%emt 0:00:00]} cxd4 {[%emt 0:00:00]} 4. Nxd4 {[%emt 0:00:00]} Nf6 {[%emt 0:00:00]} 5. Nc3 {[%emt 0:00:00]} e5 {[%emt 0:00:00]} 6. Ndb5 {[%emt 0:04:06]} Bb4 {[%emt 0:00:21]} 7. Nd6+ {[%emt 0:03:13]} Ke7 {[%emt 0:00:05]} 8. Nf5+ {[%emt 0:05:00]} Kf8 {[%emt 0:00:07]} 9. Bc4 {[%emt 0:09:16]} d5 {[%emt 0:04:36]} 10. exd5 {[%emt 0:10:45]} Bxf5 {[%emt 0:00:20]} 11. dxc6 {[%emt 0:02:53]} Qxd1+ {[%emt 0:00:12]} 12. Kxd1 {[%emt 0:00:07]} Rd8+ {[%emt 0:02:31]} 13. Ke2 {[%emt 0:02:23]} bxc6 {[%emt 0:01:16]} 14. Bd3 {[%emt 0:03:26]} e4 {[%emt 0:04:39]} 15. Bc4 {[%emt 0:03:43]} Nd5 {[%emt 0:20:17]} 16. Bd2 {[%emt 0:09:57]} Bc5 {[%emt 0:12:56]} 17. Rhe1 {[%emt 0:06:17]} Nb6 {[%emt 0:02:24]} 18. Ba6 {[%emt 0:08:20]} Bg4+ {[%emt 0:01:25]} 19. f3 {[%emt 0:00:56]} exf3+ {[%emt 0:00:06]} 20. gxf3 {[%emt 0:00:18]} Re8+ {[%emt 0:00:42]} 21. Kd1 {[%emt 0:01:17]} Bxf3+ {[%emt 0:00:10]} 22. Be2 {[%emt 0:00:58]} Bxe2+ {[%emt 0:00:47]} 23. Rxe2 {[%emt 0:01:42]} f5 {[%emt 0:03:37]} 24. Rxe8+ {[%emt 0:02:43]} Kxe8 {[%emt 0:04:44]} 25. Ke2 {[%emt 0:00:17]} Kf7 {[%emt 0:00:10]} 26. Bf4 {[%emt 0:03:24]} Nc4 {[%emt 0:08:45]} 27. Na4 {[%emt 0:03:05]} Be7 {[%emt 0:01:16]} 28. b3 {[%emt 0:01:11]} Nd6 {[%emt 0:04:23]} 29. Rd1 {[%emt 0:01:44]} Rd8 {[%emt 0:00:51]} 30. Be3 {[%emt 0:01:58]} Nc8 {[%emt 0:03:40]} 31. Rf1 {[%emt 0:03:06]} g6 {[%emt 0:05:09]} 32. c4 {[%emt 0:02:02]} Re8 {[%emt 0:01:07]} 33. Kd3 {[%emt 0:01:57]} Rd8+ {[%emt 0:01:41]} 34. Ke2 {[%emt 0:00:06]} Bd6 {[%emt 0:00:39]} 35. h3 {[%emt 0:01:38]} Re8 {[%emt 0:00:21]} 36. Kd3 {[%emt 0:00:21]} Re4 {[%emt 0:00:59]} 37. Bg5 {[%emt 0:02:11]} h6 {[%emt 0:01:02]} 38. Nc3 {[%emt 0:01:24]} Re8 {[%emt 0:00:07]} 39. Bxh6 {[%emt 0:01:50]} Rh8 {[%emt 0:00:25]} 40. Be3 {[%emt 0:00:00]} Rxh3 {[%emt 0:00:00]} 41. Ne4 {[%emt 0:04:27]} Be7 {[%emt 0:00:34]} 42. Nf2 {[%emt 0:05:05]} Rh4 {[%emt 0:04:06]} 43. c5 {[%emt 0:04:12]} Bf6 {[%emt 0:01:53]} 44. Rg1 {[%emt 0:03:41]} Ne7 {[%emt 0:01:30]} 45. Bg5 {[%emt 0:01:29]} Bxg5 {[%emt 0:01:16]} 46. Rxg5 {[%emt 0:00:05]} Nd5 {[%emt 0:00:09]} 47. a3 {[%emt 0:01:23]} Rh2 {[%emt 0:00:43]} 48. Ke2 {[%emt 0:02:04]} Nf4+ {[%emt 0:00:59]} 49. Ke3 {[%emt 0:01:29]} Rxf2 {[%emt 0:00:09]} 50. Rg1 {[%emt 0:01:00]} Rg2 {[%emt 0:00:20]} 0-1

[Event "WYCC 2018 G14"]
[Site "Halkidiki"]
[Date "2018.10.30"]
[Round "11"]
[White "Zeng, Sheena"]
[Black "Tien, Sophie"]
[Result "1/2-1/2"]
[WhiteElo "1807"]
[BlackElo "1648"]
[Annotator "NA"]
[PlyCount "99"]
[EventDate "2018.10.20"]
[EventType "swiss"]
[EventCountry "GRE"]
[SourceTitle "playchess.com"]
[Source "ChessBase"]
[SourceQuality "1"]
[TimeControl "40/5400+30:1800+30"]

1. d4 {[%emt 0:01:42]} d5 {[%emt 0:00:00]} 2. c4 {[%emt 0:00:12]} e6 {[%emt 0:00:11]} 3. Nc3 {[%emt 0:00:08]} Nf6 {[%emt 0:00:10]} 4. cxd5 {[%emt 0:00:11]} exd5 {[%emt 0:00:20]} 5. Bg5 {[%emt 0:00:07]} Be7 {[%emt 0:00:29]} 6. e3 {[%emt 0:00:11]} Nbd7 {[%emt 0:01:44]} 7. Qc2 {[%emt 0:00:58]} O-O {[%emt 0:01:11] D35: Queen's Gambit Declined: Exchange Variation} 8. h3 $146 {[%emt 0:02:44]} ({Predecessor:} 8. Bd3 h6 9. Bf4 a6 10. Nf3 b6 11. O-O c5 12. Rfd1 Bb7 13. Rac1 c4 14. Bf5 b5 15. a3 Re8 16. Ne5 Bf8 17. Qe2 {0-1 (50) Tregubov,P (2589)-Dourerassou,J (2484) Paris 2017}) 8... b6 {[%emt 0:03:50]} 9. Nf3 {[%emt 0:01:43]} c5 {[%emt 0:02:32]} 10. Bd3 {[%emt 0:05:34]} Bb7 {[%emt 0:03:35]} 11. O-O {[%emt 0:09:45]} h6 {[%emt 0:08:29]} 12. Bf4 {[%emt 0:00:28]} a6 {[%emt 0:00:56]} 13. Bf5 {[%emt 0:06:46]} Re8 {[%emt 0:05:03]} 14. Bxd7 {[%emt 0:08:41]} Qxd7 {[%emt 0:00:49]} 15. Ne5 {[%emt 0:02:48]} Qe6 {[%emt 0:01:06]} 16. Bh2 {[%emt 0:01:41]} Nd7 {[%emt 0:06:49]} 17. Ne2 {[%emt 0:07:53]} Bd6 {[%emt 0:05:04]} 18. Nxd7 {[%emt 0:05:44]} Qxd7 {[%emt 0:00:22]} 19. Bxd6 {[%emt 0:08:05]} Qxd6 {[%emt 0:00:11]} 20. Rac1 {[%emt 0:00:32]} c4 {[%emt 0:00:52]} 21. Ng3 {[%emt 0:02:22]} b5 {[%emt 0:01:34]} 22. f4 {[%emt 0:05:11]} Bc8 {[%emt 0:03:29]} 23. Rf3 {[%emt 0:00:24]} Ra7 {[%emt 0:05:25]} 24. f5 {[%emt 0:02:23]} a5 {[%emt 0:01:56]} 25. Qf2 {[%emt 0:05:22]} Qf6 {[%emt 0:08:57]} 26. Nh5 {[%emt 0:09:21]} Qd6 {[%emt 0:04:29]} 27. Qh4 {[%emt 0:01:59]} Re4 {[%emt 0:04:59]} 28. Qf2 {[%emt 0:02:29]} Kh8 {[%emt 0:05:58]} 29. g4 {[%emt 0:04:13]} f6 {[%emt 0:04:02]} 30. Kg2 {[%emt 0:01:38]} Kg8 {[%emt 0:02:30]} 31. Nf4 {[%emt 0:03:38]} Kf7 {[%emt 0:03:56]} 32. Ne2 {[%emt 0:01:24]} Bd7 $11 {[%emt 0:04:47]} 33. Rf4 {[%emt 0:01:17]} Re7 {[%emt 0:01:22]} 34. h4 {[%emt 0:00:33]} Ke8 {[%emt 0:00:52]} 35. Qf3 {[%emt 0:00:35]} Bc6 {[%emt 0:00:41]} 36. g5 {[%emt 0:00:55]} hxg5 {[%emt 0:01:08]} 37. hxg5 {[%emt 0:00:06]} fxg5 {[%emt 0:00:59]} 38. Rg4 {[%emt 0:00:27]} Qf6 {[%emt 0:03:43]} 39. Ng3 {[%emt 0:00:49]} Rf7 {[%emt 0:02:15]} 40. Nh5 {[%emt 0:00:00]} Qd8 {[%emt 0:00:00]} 41. Rh1 {[%emt 0:02:39]} Kd7 {[%emt 0:08:16]} 42. Qg3 {[%emt 0:01:52]} Qe7 {[%emt 0:03:53]} 43. Rxg5 {[%emt 0:01:48]} Kc8 {[%emt 0:00:58]} 44. Qf4 {[%emt 0:02:59]} Kb7 {[%emt 0:03:02]} 45. Ng3 {[%emt 0:04:48]} Kb6 {[%emt 0:03:04]} 46. Rg6 {[%emt 0:01:06]} Rf6 {[%emt 0:01:48]} 47. Rh8 {[%emt 0:02:01]} Bd7 {[%emt 0:04:31]} 48. Qg5 {[%emt 0:09:45]} Be8 {[%emt 0:04:01]} 49. Rxf6+ {[%emt 0:03:01]} gxf6 {[%emt 0:00:21]} 50. Qf4 {[%emt 0:02:00]} 1/2-1/2

[Event "WYCC 2018 G14"]
[Site "Halkidiki"]
[Date "2018.10.30"]
[Round "11"]
[White "Anghel, Maria"]
[Black "He, Emma"]
[Result "1-0"]
[WhiteElo "1801"]
[BlackElo "1674"]
[Annotator "NA"]
[PlyCount "103"]
[EventDate "2018.10.20"]
[EventType "swiss"]
[EventCountry "GRE"]
[SourceTitle "playchess.com"]
[Source "ChessBase"]
[SourceQuality "1"]
[TimeControl "40/5400+30:1800+30"]

1. d4 {[%emt 0:00:00]} d5 {[%emt 0:00:00]} 2. Nf3 {[%emt 0:00:00]} Nf6 {[%emt 0:00:00]} 3. c4 {[%emt 0:00:03]} e6 {[%emt 0:00:16]} 4. e3 {[%emt 0:00:35]} c6 {[%emt 0:00:32]} 5. Nbd2 {[%emt 0:00:21]} Nbd7 {[%emt 0:00:55]} 6. Bd3 {[%emt 0:00:29]} Bd6 {[%emt 0:02:14]} 7. O-O {[%emt 0:01:39]} O-O {[%emt 0:07:28]} 8. e4 {[%emt 0:00:37]} dxe4 {[%emt 0:04:52]} 9. Nxe4 {[%emt 0:02:01]} Nxe4 {[%emt 0:03:00]} 10. Bxe4 {[%emt 0:00:09]} c5 {[%emt 0:05:42]} 11. dxc5 {[%emt 0:06:32]} Bxc5 {[%emt 0:05:42]} 12. Qe2 {[%emt 0:07:53]} Qc7 {[%emt 0:03:40]} 13. a3 {[%emt 0:06:19]} a5 {[%emt 0:05:36]} 14. b3 {[%emt 0:05:05]} Nf6 {[%emt 0:04:42]} 15. Bc2 {[%emt 0:00:31]} Rd8 {[%emt 0:04:41]} 16. Bb2 {[%emt 0:05:40]} Be7 {[%emt 0:01:02]} 17. Rad1 {[%emt 0:06:58]} b6 {[%emt 0:13:31]} 18. Rxd8+ {[%emt 0:04:01]} Bxd8 {[%emt 0:03:39]} 19. Be5 {[%emt 0:08:59]} Qe7 {[%emt 0:02:07]} 20. Bxf6 {[%emt 0:08:37]} Qxf6 {[%emt 0:01:06]} 21. Qe4 {[%emt 0:04:08]} Rb8 {[%emt 0:03:35]} 22. Qxh7+ {[%emt 0:00:46]} Kf8 {[%emt 0:00:02]} 23. Rd1 {[%emt 0:03:16]} Bb7 {[%emt 0:03:19]} 24. Be4 {[%emt 0:01:44]} Ke7 {[%emt 0:05:56]} 25. Nd4 {[%emt 0:10:42]} Kd6 {[%emt 0:15:49]} 26. Nc6+ {[%emt 0:06:25]} Kc7 {[%emt 0:00:52]} 27. Nxb8 {[%emt 0:00:26]} Kxb8 {[%emt 0:00:18]} 28. Bxb7 {[%emt 0:01:24]} Kxb7 {[%emt 0:00:11]} 29. Qe4+ {[%emt 0:00:18]} Kb8 {[%emt 0:01:42]} 30. g3 {[%emt 0:01:38]} Qe7 {[%emt 0:00:25]} 31. Qe5+ {[%emt 0:02:06]} Bc7 {[%emt 0:00:49]} 32. Qxg7 {[%emt 0:00:52]} Qxa3 {[%emt 0:00:30]} 33. Qc3 {[%emt 0:01:15]} Qc5 {[%emt 0:01:18]} 34. Qe3 {[%emt 0:02:26]} Qb4 {[%emt 0:00:54]} 35. Rd7 {[%emt 0:01:27]} f5 {[%emt 0:00:10]} 36. Rd3 {[%emt 0:00:41]} e5 {[%emt 0:00:26]} 37. Qd2 {[%emt 0:01:05]} Qa3 {[%emt 0:00:26]} 38. h4 {[%emt 0:00:50]} f4 {[%emt 0:00:25]} 39. Kg2 {[%emt 0:00:58]} e4 {[%emt 0:00:47]} 40. Rd4 {[%emt 0:00:00]} fxg3 {[%emt 0:00:00]} 41. Rxe4 {[%emt 0:14:42]} Qxb3 {[%emt 0:02:56]} 42. Re8+ {[%emt 0:03:37]} Ka7 {[%emt 0:02:04]} 43. Qd7 {[%emt 0:02:22]} Qxc4 {[%emt 0:00:35]} 44. Re7 {[%emt 0:00:41]} Kb7 {[%emt 0:05:29]} 45. Qxc7+ {[%emt 0:01:12]} Qxc7 {[%emt 0:00:11]} 46. Rxc7+ {[%emt 0:00:05]} Kxc7 {[%emt 0:00:12]} 47. h5 {[%emt 0:00:14]} gxf2 {[%emt 0:01:23]} 48. Kxf2 {[%emt 0:02:47]} b5 {[%emt 0:01:52]} 49. h6 {[%emt 0:00:13]} b4 {[%emt 0:00:24]} 50. h7 {[%emt 0:00:09]} a4 {[%emt 0:00:34]} 51. h8=Q {[%emt 0:00:17]} b3 {[%emt 0:00:09]} 52. Qc3+ {[%emt 0:00:53]} 1-0

[Event "WYCC 2018 G14"]
[Site "Halkidiki"]
[Date "2018.10.30"]
[Round "11"]
[White "Zhou, Iris"]
[Black "Lomaia, Diana"]
[Result "1-0"]
[WhiteElo "1779"]
[BlackElo "1876"]
[Annotator "NA"]
[PlyCount "131"]
[EventDate "2018.10.20"]
[EventType "swiss"]
[EventCountry "GRE"]
[SourceTitle "playchess.com"]
[Source "ChessBase"]
[SourceQuality "1"]
[TimeControl "40/5400+30:1800+30"]

1. e4 {[%emt 0:00:00]} c5 {[%emt 0:00:00]} 2. Nf3 {[%emt 0:00:00]} d6 {[%emt 0:00:00]} 3. d4 {[%emt 0:00:00]} cxd4 {[%emt 0:00:00]} 4. Nxd4 {[%emt 0:00:00]} Nf6 {[%emt 0:00:12]} 5. Nc3 {[%emt 0:00:00]} a6 {[%emt 0:00:26]} 6. a4 {[%emt 0:00:27]} e5 {[%emt 0:02:03]} 7. Nf3 {[%emt 0:00:06]} Be7 {[%emt 0:02:06]} 8. Bc4 {[%emt 0:00:08]} Be6 {[%emt 0:03:29]} 9. Qe2 {[%emt 0:00:18] B90: Sizilianisch (Najdorf-Variante, Abweichungen)} (9. Bb3 h6 10. O-O O-O 11. Nh4 Nc6 12. Nf5 Bxf5 13. exf5 Nd4 14. Nd5 Nxb3 15. cxb3 Rc8 16. Be3 Rc6 {1-0 (49) Carlsen,M (2857)-Grischuk,A (2754) chess.com INT 2016}) 9... Qc8 {[%emt 0:06:21]} 10. Bb3 {[%emt 0:01:49]} O-O {[%emt 0:01:10]} 11. O-O {[%emt 0:01:13]} h6 {[%emt 0:05:51]} 12. Rd1 {[%emt 0:05:36]} Nbd7 $146 {[%emt 0:01:25]} ({Vorgänger:} 12... Bxb3 13. cxb3 Qe6 14. Nh4 Rd8 15. Nf5 Bf8 16. Ne3 Nc6 {½-½ (36) Macieja,B (2617)-Gritsenko,A (2317) Moscow 2008}) 13. Nd2 {[%emt 0:05:52]} Nc5 {[%emt 0:04:06]} 14. Ba2 {[%emt 0:02:09]} Bxa2 {[%emt 0:02:13]} 15. Rxa2 {[%emt 0:00:10]} Qc6 {[%emt 0:11:57]} 16. f3 {[%emt 0:04:21]} Rac8 {[%emt 0:06:23]} 17. Nf1 {[%emt 0:04:37]} Ne6 {[%emt 0:07:26]} 18. Be3 {[%emt 0:10:50]} Nc7 {[%emt 0:10:58]} 19. Bf2 {[%emt 0:12:33]} Nh5 {[%emt 0:02:39]} 20. Ne3 {[%emt 0:04:07]} Nf4 {[%emt 0:01:21]} 21. Qd2 {[%emt 0:02:00]} Rfd8 {[%emt 0:00:37]} 22. a5 {[%emt 0:02:53]} Bg5 {[%emt 0:07:37]} 23. h4 {[%emt 0:01:53]} Bf6 {[%emt 0:04:17]} 24. Raa1 {[%emt 0:08:21]} Nb5 {[%emt 0:05:23]} 25. Nxb5 {[%emt 0:04:55]} axb5 {[%emt 0:08:37]} 26. c3 {[%emt 0:01:52]} Rd7 {[%emt 0:02:05]} 27. Nd5 {[%emt 0:04:51]} Nxd5 {[%emt 0:00:28]} 28. Qxd5 {[%emt 0:00:08]} Bd8 {[%emt 0:03:43]} 29. Qxc6 {[%emt 0:02:35]} bxc6 {[%emt 0:00:25]} 30. a6 {[%emt 0:00:22]} Ra8 {[%emt 0:00:45]} 31. a7 {[%emt 0:00:36]} Be7 {[%emt 0:00:21]} 32. Ra6 {[%emt 0:01:21]} Rc7 {[%emt 0:00:01]} 33. Bb6 {[%emt 0:02:06]} Rb7 {[%emt 0:00:06]} 34. b4 {[%emt 0:01:33]} Kf8 {[%emt 0:00:54]} 35. h5 {[%emt 0:00:42]} Ke8 {[%emt 0:00:19]} 36. Kf2 {[%emt 0:01:25]} Kd7 {[%emt 0:00:42]} 37. g3 {[%emt 0:02:00]} Ke6 {[%emt 0:00:48]} 38. f4 {[%emt 0:03:07]} f6 {[%emt 0:00:34]} 39. Kf3 {[%emt 0:01:28]} Bf8 {[%emt 0:00:45]} 40. Rc1 {[%emt 0:00:00]} Kd7 {[%emt 0:00:00]} 41. fxe5 {[%emt 0:07:24]} fxe5 {[%emt 0:04:10]} 42. Kg4 {[%emt 0:01:14]} Ke6 {[%emt 0:12:56]} 43. c4 {[%emt 0:06:34]} Be7 {[%emt 0:04:13]} 44. cxb5 {[%emt 0:01:20]} cxb5 {[%emt 0:00:01]} 45. Rc7 {[%emt 0:02:07]} Rxc7 {[%emt 0:03:18]} 46. Bxc7 {[%emt 0:00:35]} Kd7 {[%emt 0:02:23]} 47. Bb8 {[%emt 0:00:00]} d5 {[%emt 0:02:50]} 48. exd5 {[%emt 0:00:00]} Bxb4 {[%emt 0:00:02]} 49. Kf5 $18 {[%emt 0:04:07]} Be1 {[%emt 0:03:05]} 50. Bxe5 {[%emt 0:01:34]} Bf2 {[%emt 0:00:40]} 51. Bb8 {[%emt 0:00:22]} b4 {[%emt 0:00:08]} 52. Ke4 {[%emt 0:05:01]} Be1 {[%emt 0:02:29]} 53. Kd3 {[%emt 0:00:27]} Bc3 {[%emt 0:00:05]} 54. Kc4 {[%emt 0:00:38]} Bd2 {[%emt 0:00:37]} 55. Rc6 {[%emt 0:00:59]} Kd8 {[%emt 0:00:42]} 56. Rc7 {[%emt 0:02:02]} Bc3 {[%emt 0:00:10]} 57. g4 {[%emt 0:00:44]} Be5 {[%emt 0:00:55]} 58. Rb7 {[%emt 0:00:13]} Bc3 {[%emt 0:00:13]} 59. Bc7+ {[%emt 0:02:49]} Kc8 {[%emt 0:00:26]} 60. Rb8+ {[%emt 0:00:06]} Kxc7 {[%emt 0:00:05]} 61. Rxa8 {[%emt 0:00:05]} Kb7 {[%emt 0:00:08]} 62. Rf8 {[%emt 0:00:31]} Kxa7 {[%emt 0:00:05]} 63. d6 {[%emt 0:00:09]} Kb7 {[%emt 0:01:24]} 64. d7 {[%emt 0:00:09]} Bf6 {[%emt 0:00:19]} 65. d8=Q {[%emt 0:00:07]} Bxd8 {[%emt 0:00:05]} 66. Rxd8 {[%emt 0:00:05]} 1-0

[Event "WYCC 2018 G14"]
[Site "Halkidiki"]
[Date "2018.10.30"]
[Round "11"]
[White "Gabbani, Sara"]
[Black "Sim, Jia Ru"]
[Result "0-1"]
[WhiteElo "1764"]
[BlackElo "1979"]
[Annotator "NA"]
[PlyCount "64"]
[EventDate "2018.10.20"]
[EventType "swiss"]
[EventCountry "GRE"]
[SourceTitle "playchess.com"]
[Source "ChessBase"]
[SourceQuality "1"]
[TimeControl "40/5400+30:1800+30"]

1. e4 {[%emt 0:00:00]} c5 {[%emt 0:00:00]} 2. Nc3 {[%emt 0:00:00]} e6 {[%emt 0:00:00]} 3. Nge2 {[%emt 0:00:00]} a6 {[%emt 0:00:00]} 4. a4 {[%emt 0:02:49]} Nc6 {[%emt 0:01:36]} 5. g3 {[%emt 0:00:38]} Nf6 {[%emt 0:02:53]} 6. Bg2 {[%emt 0:01:54]} Be7 {[%emt 0:03:01]} 7. O-O {[%emt 0:03:10]} Qc7 {[%emt 0:03:27]} 8. f4 {[%emt 0:04:26]} d6 {[%emt 0:00:07]} 9. d3 {[%emt 0:01:46]} Rb8 {[%emt 0:01:31]} 10. Bd2 {[%emt 0:06:47]} b6 {[%emt 0:01:55]} 11. h3 {[%emt 0:02:33]} Bb7 {[%emt 0:05:54]} 12. g4 {[%emt 0:03:27]} Nb4 {[%emt 0:08:49]} 13. Ng3 {[%emt 0:05:20]} d5 {[%emt 0:07:55]} 14. e5 Nd7 {[%emt 0:00:19]} 15. Nce2 {[%emt 0:07:39]} Rc8 {[%emt 0:06:41]} 16. Kh2 {[%emt 0:09:08]} O-O $11 {[%emt 0:01:12]} 17. Bxb4 {[%emt 0:05:41]} cxb4 {[%emt 0:00:07]} 18. c3 {[%emt 0:00:27]} a5 19. d4 {[%emt 0:01:26]} Ba6 {[%emt 0:02:26]} 20. Rf2 {[%emt 0:03:01]} b5 {[%emt 0:10:10]} 21. f5 {[%emt 0:04:17]} Bh4 {[%emt 0:14:24]} 22. Qd2 {[%emt 0:10:12]} bxa4 {[%emt 0:00:37]} 23. cxb4 {[%emt 0:01:36]} Qc2 24. Nf4 Qxd2 {[%emt 0:12:47]} 25. Rxd2 {[%emt 0:00:38]} Bg5 {[%emt 0:00:16]} 26. Rf2 {[%emt 0:06:22]} Rc4 {[%emt 0:00:29]} 27. Nfe2 {[%emt 0:06:31]} Rxb4 {[%emt 0:01:18]} 28. Nf1 {[%emt 0:00:32]} Rxb2 {[%emt 0:01:49]} 29. Bf3 {[%emt 0:03:35]} Rc8 {[%emt 0:00:16]} 30. Kg2 Rcc2 31. Nfg3 {[%emt 0:01:14]} Bh4 {[%emt 0:00:46]} 32. Re1 {[%emt 0:01:23]} a3 {[%emt 0:00:42]} 0-1

[Event "WYCC 2018 G14"]
[Site "Halkidiki"]
[Date "2018.10.30"]
[Round "11"]
[White "De Rycke, Tyani"]
[Black "Hernandez Guerra, Luna Yue"]
[Result "0-1"]
[WhiteElo "1758"]
[BlackElo "1659"]
[Annotator "NA"]
[PlyCount "136"]
[EventDate "2018.10.20"]
[EventType "swiss"]
[EventCountry "GRE"]
[SourceTitle "playchess.com"]
[Source "ChessBase"]
[SourceQuality "1"]
[TimeControl "40/5400+30:1800+30"]

1. e4 {[%emt 0:00:00]} e6 {[%emt 0:00:00]} 2. d4 {[%emt 0:00:00]} d5 {[%emt 0:00:00]} 3. exd5 {[%emt 0:00:00]} exd5 {[%emt 0:00:00]} 4. Nf3 {[%emt 0:00:00]} Bd6 {[%emt 0:00:00]} 5. Bd3 {[%emt 0:00:02]} Nc6 {[%emt 0:00:07]} 6. c3 {[%emt 0:01:39]} Nge7 {[%emt 0:00:15]} 7. h3 {[%emt 0:00:42]} Bf5 {[%emt 0:02:52]} 8. Bxf5 {[%emt 0:02:44]} Nxf5 {[%emt 0:00:11]} 9. O-O {[%emt 0:00:12]} f6 {[%emt 0:05:02]} 10. Re1+ {[%emt 0:01:05]} Nfe7 {[%emt 0:00:39]} 11. Qe2 {[%emt 0:02:34]} Qd7 {[%emt 0:01:14]} 12. b3 {[%emt 0:01:21]} O-O-O {[%emt 0:08:58]} 13. Na3 {[%emt 0:08:41]} g5 {[%emt 0:09:40]} 14. Nb5 Rhg8 15. Qe6 {[%emt 0:08:44]} Qxe6 {[%emt 0:11:24]} 16. Rxe6 {[%emt 0:00:07]} Rg6 {[%emt 0:00:44]} 17. Nxd6+ {[%emt 0:00:05]} Rxd6 {[%emt 0:00:04]} 18. Rxd6 {[%emt 0:00:24]} cxd6 {[%emt 0:00:39]} 19. Ba3 {[%emt 0:03:32]} Kd7 {[%emt 0:03:22]} 20. g4 f5 21. Kg2 {[%emt 0:02:16]} h6 {[%emt 0:03:04]} 22. Kg3 {[%emt 0:03:12]} f4+ {[%emt 0:03:28]} 23. Kg2 Ng8 {[%emt 0:01:52]} 24. Re1 {[%emt 0:04:52]} Nf6 25. Nd2 Rg8 {[%emt 0:02:13]} 26. Kf3 {[%emt 0:29:46]} b5 {[%emt 0:05:02]} 27. Bb2 {[%emt 0:01:14]} a6 {[%emt 0:03:04]} 28. Kg2 {[%emt 0:11:20]} a5 {[%emt 0:02:19]} 29. f3 {[%emt 0:01:46]} a4 {[%emt 0:01:22]} 30. Kf2 {[%emt 0:12:40]} Ra8 {[%emt 0:03:12]} 31. a3 {[%emt 0:01:49]} axb3 {[%emt 0:04:11]} 32. Nxb3 {[%emt 0:00:07]} Na5 {[%emt 0:00:07]} 33. Nxa5 {[%emt 0:00:26]} Rxa5 {[%emt 0:00:00]} 34. h4 {[%emt 0:01:33]} Ra8 {[%emt 0:00:22]} 35. hxg5 {[%emt 0:00:14]} hxg5 {[%emt 0:00:04]} 36. Rh1 {[%emt 0:00:08]} Rg8 {[%emt 0:00:49]} 37. Rh6 {[%emt 0:01:36]} Ke7 {[%emt 0:01:11]} 38. Rh1 {[%emt 0:00:44]} Kf7 {[%emt 0:03:13]} 39. Ke2 {[%emt 0:00:20]} Re8+ {[%emt 0:00:00]} 40. Kd2 {[%emt 0:00:00]} Re3 {[%emt 0:00:00]} 41. Rf1 {[%emt 0:01:30]} Nd7 {[%emt 0:01:49]} 42. Kc2 {[%emt 0:00:25]} Re2+ {[%emt 0:00:45]} 43. Kb3 {[%emt 0:06:19]} Nb6 {[%emt 0:03:41]} 44. Bc1 {[%emt 0:07:58]} Na4 {[%emt 0:01:28]} 45. Rd1 {[%emt 0:04:29]} Ke7 {[%emt 0:01:20]} 46. Rd3 {[%emt 0:02:42]} Kd7 {[%emt 0:01:08]} 47. Rd1 {[%emt 0:00:09]} Rf2 {[%emt 0:00:03]} 48. Rd3 {[%emt 0:01:35]} Kc6 {[%emt 0:01:06]} 49. Bd2 {[%emt 0:06:20]} Nb6 {[%emt 0:00:14]} 50. Bc1 Nc4 51. a4 {[%emt 0:01:39]} Rf1 {[%emt 0:02:30]} 52. axb5+ {[%emt 0:02:31]} Kxb5 {[%emt 0:01:27]} 53. Kc2 {[%emt 0:01:07]} Ka4 54. Bd2 {[%emt 0:00:11]} Ka3 {[%emt 0:02:19]} 55. Bc1+ {[%emt 0:02:05]} Ka2 {[%emt 0:05:10]} 56. Rd1 Rxd1 {[%emt 0:00:03]} 57. Kxd1 {[%emt 0:00:51]} Kb3 {[%emt 0:00:38]} 58. Bd2 {[%emt 0:00:29]} Nb2+ {[%emt 0:00:06]} 59. Ke2 {[%emt 0:00:50]} Kc2 {[%emt 0:00:41]} 60. Be1 Nd1 61. c4 {[%emt 0:01:21]} dxc4 {[%emt 0:01:31]} 62. Bb4 {[%emt 0:00:31]} Nc3+ {[%emt 0:00:35]} 63. Ke1 {[%emt 0:00:10]} Nb5 {[%emt 0:01:20]} 64. d5 {[%emt 0:00:34]} Kd3 {[%emt 0:00:06]} 65. Ba5 {[%emt 0:00:51]} Ke3 {[%emt 0:00:37]} 66. Bd8 {[%emt 0:00:22]} Kxf3 {[%emt 0:00:04]} 67. Bxg5 {[%emt 0:00:17]} Kxg4 {[%emt 0:00:04]} 68. Bh6 {[%emt 0:00:37]} Kf3 {[%emt 0:00:35]} 0-1